000 00830nam a22002177a 4500
005 20240530110534.0
008 160328s2013 ua a g 000 0 ara d
017 _a2012/19121
_bمصر . دار الكتب المصرية
020 _a9789774951251
040 _aEG-CaGPL
082 0 4 _221
_a915.303\
_bم م
100 0 _aمحمد كمال شبانة .
245 1 0 _aموسوعة المدن و العواصم فى العالم الاسلامى /
_cمحمد كمال شبانة .
250 _aط1.
260 _aالقاهرة :
_bدار العالم العربى ،
_c2013 .
300 _a199 ص ؛
_c24 سم .
650 0 4 _aعواصم الدول
_zالعالم الاسلامى .
651 0 4 _aالعالم الاسلامى
_vدوائر معارف .
942 _2ddc
_cBK
999 _c62157
_d62157